[Karte des Bezirkes Komotau

Hlavní autor: Hollmann, Victor Josef
Další autoři: Selner, Friedrich, činný 19. století, Mecséry de Tsoór, Karl, 1804-1885
Jazyk: Němčina
Vydáno: [Praha : tiskárna c. k. místodržitelství, 1863]
Témata:
Externí odkaz: Digitalizovaný dokument
Fyzický popis: 1 mapa na 2 listech : litografie ; 59 x 40 cm, na listu 63 x 50 cm
Mapy
Uloženo v:
LEADER 02091nem a2200385 a 4500
001 001065008
003 CZ BrMZK
005 20230103133605.0
007 aj|aa|||
008 080722s1863 xx d||||||a|||r|0|||gerod
034 1 |a a  |b 36124  |d E0131513  |e E0132419  |f N0503049  |g N0502159 
040 |a BOA001  |b cze 
043 |a e-xr---  |b e-xr-us  |2 czenas 
072 7 |a 913(437)  |x Geografie Česka a Slovenska, reálie, cestování  |2 Konspekt  |9 7 
072 7 |a 912  |x Mapy. Atlasy. Glóby  |9 7  |2 Konspekt 
080 |a (437.315)  |2 MRF 
080 |a (084.3)  |2 MRF 
100 1 |a Hollmann, Victor Josef  |4 aut 
245 1 1 |a [Karte des Bezirkes Komotau  |h [kartografický dokument] /  |c Ed. Friedr. Selner, Litogr. tiskárna c. k. místodržitelství v Praze ; ded. Karlu sv. p. Mecsérymu de Tsóor] ; entworfen und gezeichnet von Vict. Jos. Hollmann 
255 |a Měřítko [ca 1: 36 124]. 10,5 cm = 2000 Wiener Klafter  |c (013°15´13" v.d.--013°24´19" v.d./050°30´49" s.š.--050°21´59" s.š.) 
260 |a [Praha :  |b tiskárna c. k. místodržitelství,  |c 1863] 
300 |a 1 mapa na 2 listech :  |b litografie ;  |c 59 x 40 cm, na listu 63 x 50 cm 
500 |a Výzdoba: v levém dolním rohu vysvětlivky a grafické měřítko, v mapovém rámci geografické souřadnice 
500 |a V mapovém poli rukopisná poznámka tužkou "Komotau" 
510 4 |a Roubík, F.: Soupis map českých zemí,  |c II, č. 172 
561 |a Exemplář byl původně uložen spolu s mapami Německého spolku pro historii Moravy a Slezska (Deutsches Verein für die Geschichte Mährens und Schlesiens)  |5 CZ-BrMZK 
590 |a Chybí východní polovina mapy  |5 CZ-BrMZK 
651 7 |a Chomutov (Česko : oblast)  |7 ge128940  |2 czenas 
655 7 |a politické a správní mapy  |7 fd133032  |2 czenas 
700 1 |a Selner, Friedrich,  |d činný 19. století  |7 jx20090611044  |4 pbl 
700 1 |a Mecséry de Tsoór, Karl,  |d 1804-1885  |7 av20221166118  |4 dte 
856 4 1 |u http://www.digitalniknihovna.cz/mzk/uuid/uuid:be689055-3b7d-42f7-97b2-187f52ead615  |y Digitalizovaný dokument 
910 |a BOA001  |b Mpa-1208.976 
990 |a MP 
991 |b 201204